Tolley's limited liability partnerships : the new legislation. (Record no. 99485)

MARC details
000 -LEADER
fixed length control field 01101cam a2200301 4500
008 - FIXED-LENGTH DATA ELEMENTS--GENERAL INFORMATION
fixed length control field 090401t2001 xxu||||| |||| 00| 0 eng d
020 ## - INTERNATIONAL STANDARD BOOK NUMBER
International Standard Book Number 075450221X
035 ## - SYSTEM CONTROL NUMBER
System control number (Sirsi) u99834
041 ## - LANGUAGE CODE
Language code of text/sound track or separate title eng
050 ## - LIBRARY OF CONGRESS CALL NUMBER
Classification number 346.41068
100 ## - MAIN ENTRY--PERSONAL NAME
Personal name Armour, Douglas
245 ## - TITLE STATEMENT
Title Tolley's limited liability partnerships : the new legislation.
260 ## - PUBLICATION, DISTRIBUTION, ETC.
Place of publication, distribution, etc. Croydon
Name of publisher, distributor, etc. Tolley
Date of publication, distribution, etc. 2001
300 ## - PHYSICAL DESCRIPTION
Extent ix,694p. ; 23cm.
350 ## - PRICE (NR) (BK AM CF MU VM SE) [OBSOLETE]
Price 42.00
520 ## - SUMMARY, ETC.
Summary, etc. Includes guidance on limited liability partnerships, the full text of the Limited Liability Partnerships Act 2000 and other related legislation, a draft LLP agreement and specimens of Companies House forms.
650 ## - SUBJECT ADDED ENTRY--TOPICAL TERM
Topical term or geographic name entry element LIMITED LIABILITY PARTNERSHIPS ACT 2000
650 ## - SUBJECT ADDED ENTRY--TOPICAL TERM
Topical term or geographic name entry element COMPANIES ACT 1985
650 ## - SUBJECT ADDED ENTRY--TOPICAL TERM
Topical term or geographic name entry element INSOLVENCY ACT 1986
650 ## - SUBJECT ADDED ENTRY--TOPICAL TERM
Topical term or geographic name entry element COMPANY DIRECTORS DISQUALIFICATION ACT 1986
650 ## - SUBJECT ADDED ENTRY--TOPICAL TERM
Topical term or geographic name entry element LIMITED LIABILITY PARTNERSHIPS REGULATIONS 2001
650 ## - SUBJECT ADDED ENTRY--TOPICAL TERM
Topical term or geographic name entry element LIMITED LIABILITY PARTNERSHIPS (SCOTLAND) REGULATIONS 2001
650 ## - SUBJECT ADDED ENTRY--TOPICAL TERM
Topical term or geographic name entry element PARTNERSHIP AGREEMENTS
690 ## - LOCAL SUBJECT ADDED ENTRY--TOPICAL TERM (OCLC, RLIN)
Topical term or geographic name as entry element LAW-UK
700 ## - ADDED ENTRY--PERSONAL NAME
Personal name Young, Simon
942 ## - ADDED ENTRY ELEMENTS (KOHA)
Suppress in OPAC 0
948 ## - LOCAL PROCESSING INFORMATION (OCLC); SERIES PART DESIGNATOR (RLIN)
c (OCLC) 21/04/1999
Holdings
Withdrawn status Lost status Source of classification or shelving scheme Damaged status Not for loan Home library Current library Shelving location Date acquired Cost, normal purchase price Total Checkouts Full call number Barcode Date last seen Date last checked out Copy number Cost, replacement price Price effective from Koha item type
    Other/Generic Classification Scheme     London London Books 05/06/2001 42.00 7 346.41068 ARM 30064474 06/08/2019 18/04/2006 1 42.00 06/08/2019 Book